Score 0/200 Timer 20:00
0 Plays Today
Team Answer % Correct
ArsenalThierry Henry
95.4%
ArsenalThierry Henry
95.4%
ArsenalThierry Henry
95.4%
ArsenalThierry Henry
95.4%
Manchester UnitedWayne Rooney
87.8%
Newcastle UnitedAlan Shearer
86.1%
West Ham UnitedJoe Cole
85.2%
ChelseaJoe Cole
85.2%
ChelseaDidier Drogba
81.4%
ArsenalRobin Van Persie
81%
LiverpoolSteven Gerrard
80.6%
Manchester UnitedRyan Giggs
79.7%
Manchester UnitedPaul Scholes
79.3%
LiverpoolMichael Owen
78.5%
LiverpoolMichael Owen
78.5%
Crystal PalaceAndy Johnson
76.4%
Tottenham HotspurJermain Defoe
76.4%
EvertonAndy Johnson
76.4%
PortsmouthJermain Defoe
76.4%
Birmingham CityStern John
75.9%
FulhamCollins John
75.9%
ArsenalDennis Bergkamp
75.9%
Manchester UnitedRuud Van Nistelrooy
75.9%
Leeds UnitedAlan Smith
75.1%
Charlton AthleticDarren Bent
75.1%
EvertonMarcus Bent
75.1%
Charlton AthleticDarren Bent
75.1%
SunderlandDarren Bent
75.1%
Bolton WanderersKevin Davies
74.3%
Bolton WanderersKevin Davies
74.3%
Bolton WanderersKevin Davies
74.3%
SunderlandKevin Phillips
69.6%
SouthamptonKevin Phillips
69.6%
Leeds UnitedMark Viduka
69.6%
SouthamptonKevin Phillips
69.6%
Aston VillaKevin Phillips
69.6%
MiddlesbroughMark Viduka
69.6%
LiverpoolFernando Torres
69.6%
Manchester UnitedDavid Beckham
68.4%
Blackburn RoversDwight Yorke
67.5%
Manchester CityRobbie Fowler
67.1%
LiverpoolRobbie Fowler
67.1%
Tottenham HotspurDimitar Berbatov
66.2%
LiverpoolEmile Heskey
64.6%
FulhamLouis Saha
63.3%
FulhamLouis Saha
63.3%
Manchester UnitedLouis Saha
63.3%
EvertonLouis Saha
63.3%
PortsmouthTeddy Sheringham
62.9%
West Ham UnitedTeddy Sheringham
62.9%
Manchester CityNicolas Anelka
62%
Bolton WanderersNicolas Anelka
62%
ChelseaJimmy Floyd Hasselbaink
59.5%
ChelseaJohn Terry
56.1%
Newcastle UnitedCraig Bellamy
54.9%
ChelseaGianfranco Zola
53.6%
Birmingham CityDavid Dunn
53.2%
Blackburn RoversDavid Dunn
53.2%
Manchester CityEmmanuel Adebayor
51.9%
EvertonDuncan Ferguson
51.1%
Bolton WanderersKevin Nolan
51.1%
Manchester UnitedOle Gunnar Solskjaer
51.1%
PortsmouthLaurent Robert
50.2%
Manchester UnitedDarren Fletcher
50.2%
ChelseaHernán Crespo
46.4%
Aston VillaGareth Barry
46%
Aston VillaGareth Barry
46%
Team Answer % Correct
MiddlesbroughStewart Downing
45.1%
MiddlesbroughStewart Downing
45.1%
MiddlesbroughStewart Downing
45.1%
SunderlandNiall Quinn
43.9%
ChelseaEidur Gudjohnsen
43.9%
Birmingham CityNicky Butt
41.8%
LiverpoolDjibril Cissé
41.4%
Bolton WanderersJay Jay Okocha
40.9%
FulhamSeol Ki-Hyeon
40.5%
West Ham UnitedPaolo Di Canio
40.1%
West Ham UnitedPaolo Di Canio
40.1%
Leeds UnitedLee Bowyer
38.4%
Hull CityGeovanni
37.6%
Manchester CityDarren Huckerby
37.1%
Norwich CityDarren Huckerby
37.1%
ArsenalGilberto
37.1%
Birmingham CityMikael Forssell
37.1%
Blackburn RoversRoque Santa Cruz
36.7%
Newcastle UnitedScott Parker
35.9%
Bradford CityDean Windass
35.4%
ChelseaJuan Sebastián Verón
35%
Aston VillaJohn Carew
34.6%
Aston VillaDarius Vassell
34.2%
Aston VillaDarius Vassell
34.2%
Aston VillaDarius Vassell
34.2%
EvertonMikel Arteta
33.8%
ReadingDavid Kitson
33.3%
Blackburn RoversBenni McCarthy
33.3%
Stoke CityRicardo Fuller
33.3%
Blackburn RoversNathan Blake
32.5%
BurnleyRobbie Blake
32.5%
Newcastle UnitedObafemi Martins
32.1%
Charlton AthleticAndy Hunt
31.6%
Manchester CityPaulo Wanchope
31.6%
Wigan AthleticJason Roberts
31.6%
West Ham UnitedBobby Zamora
31.2%
PortsmouthBenjani
31.2%
FulhamBobby Zamora
31.2%
SouthamptonMarian Pahars
30%
LiverpoolJohn Arne Riise
30%
Manchester CityJoey Barton
30%
Manchester CityJoey Barton
30%
Birmingham CityRobbie Savage
29.5%
LiverpoolXabi Alonso
28.7%
Charlton AthleticJason Euell
28.3%
Derby CountyFabrizio Ravanelli
27.4%
Leicester CityDean Sturridge
27.4%
Wigan AthleticHugo Rodallega
27%
EvertonLeon Osman
25.3%
Manchester CityElano
24.5%
Hull CityStephen Hunt
24.5%
Tottenham HotspurDarren Anderton
23.6%
Tottenham HotspurDarren Anderton
23.6%
FulhamBrian McBride
23.2%
Newcastle UnitedTresor Lomana Lua Lua
22.8%
EvertonTomasz Radzinski
22.8%
Wolverhampton WanderersSteffen Iversen
22.8%
Charlton AthleticJonatan Johansson
22.4%
West Ham UnitedDean Ashton
21.9%
West Ham UnitedMark Noble
21.5%
West Ham UnitedMark Noble
21.5%
Leeds UnitedNicky Barmby
21.1%
SunderlandKieran Richardson
19.4%
PortsmouthDavid Unsworth
19%
Charlton AthleticKevin Lisbie
18.6%
Newcastle UnitedCharles N'Zogbia
18.1%
Newcastle UnitedCharles N'Zogbia
18.1%
Team Answer % Correct
Leicester CityPaul Dickov
17.7%
Tottenham HotspurAnthony Gardner
17.7%
Tottenham HotspurRobert Huth
17.7%
Tottenham HotspurMatthew Etherington
17.3%
Bolton WanderersYouri Djorkaeff
17.3%
ArsenalLauren
16.9%
Bolton WanderersMichael Ricketts
16.9%
MiddlesbroughMassimo Maccarone
16.9%
Wigan AthleticAmr Zaki
16.5%
West Bromwich AlbionGeoff Horsfield
16%
Aston VillaOlof Mellberg
16%
MiddlesbroughJoseph-Desire Job
15.2%
Newcastle UnitedCarl Cort
14.8%
LiverpoolMartin Laursen
13.5%
EvertonFrancis Jeffers
13.1%
FulhamSteve Marlet
13.1%
EvertonLee Carsley
13.1%
Sheffield UnitedRobert Hulse
13.1%
SunderlandMichael Chopra
13.1%
Stoke CityRyan Shawcross
13.1%
Manchester UnitedRonny Johnsen
12.2%
Manchester UnitedDavid Bellion
12.2%
ChelseaBoudewijn Zenden
11.4%
WatfordAlan Stubbs
11.4%
ArsenalDenilson
10.1%
Birmingham CityJames McFadden
9.7%
Aston VillaLucas
9.3%
Ipswich TownFinidi George
8.9%
West Bromwich AlbionLee Marshall
8.9%
SunderlandAndy Gray
8.9%
Wigan AthleticAntoine Sibierski
8%
FulhamDavid Healy
7.2%
Manchester CityRolando Bianchi
6.8%
MiddlesbroughDavid Wheater
6.8%
Tottenham HotspurBenoit Assou-Ekotto
6.8%
FulhamHeidar Helguson
5.9%
PortsmouthYounes Kaboul
5.9%
Charlton AthleticPaul Konchesky
5.5%
SouthamptonFabrice Fernandes
5.5%
Blackburn RoversGael Givet
5.5%
Newcastle UnitedClarence Acuna
5.1%
Derby CountyMatt Oakley
5.1%
ChelseaClaudio Pizarro
5.1%
Derby CountyBranko Strupar
4.6%
SunderlandJason McAteer
4.2%
West Bromwich AlbionRoman Bednar
4.2%
MiddlesbroughColin Cooper
3.8%
SouthamptonHassan Kachloul
3.4%
Ipswich TownMark Venus
3.4%
PortsmouthSvetoslav Todorov
3.4%
Bolton WanderersGrétar Steinsson
3.4%
ArsenalSamir Nasri
3.4%
Blackburn RoversAndy Todd
3%
Wigan AthleticLee McCulloch
3%
EvertonMark Pembridge
2.5%
Aston VillaLuc Nilis
2.5%
Tottenham HotspurMauricio Taricco
2.1%
West Bromwich AlbionNeil Clement
2.1%
Tottenham HotspurAndy Griffin
2.1%
MiddlesbroughCarlos Marinelli
1.7%
Blackburn RoversCraig Short
1.3%
Wolverhampton WanderersAndrew Keogh
1.3%
Leicester CityDarren Eadie
0.8%
ReadingAndré Bikey
0.8%
Coventry CityJohn Eustace
0.4%
Blackburn RoversLorenzo Amoruso
0.4%

You're not logged in!

Compare scores with friends on all Sporcle quizzes.
OR
Log In

Sporcle TV

Today on Sporcle TV


Watch our educational content, quiz creation guides, and fun videos on Sporcle TV.

Show Comments

Extras

Top Quizzes Today


Score Distribution

Paid Content

Your Account Isn't Verified!

In order to create a playlist on Sporcle, you need to verify the email address you used during registration. Go to your Sporcle Settings to finish the process.

Report this User

Report this user for behavior that violates our Community Guidelines.

Details: